| 000 | 00564nam a22001937a 4500 | ||
|---|---|---|---|
| 003 | CEME | ||
| 005 | 20210628205432.0 | ||
| 008 | 210316b xxu||||| |||| 00| 0 eng d | ||
| 020 | _a0-07-113716-5 | ||
| 040 | _c. | ||
| 082 | _a004 TUC'F | ||
| 100 |
_aTucker, Allen B Cupper, Robert D Bradley, W. James _975542 |
||
| 245 | _aFundamentals of computing ii abstraction data structures and large software systems | ||
| 250 | _aC PLUS PLUS ED | ||
| 260 |
_aNEWYORK _bMCGRAW HILL _c1995 |
||
| 300 | _aXXII, 551P | ||
| 650 |
_aC PLUS PLUS _956814 |
||
| 942 |
_cBK _2ddc |
||
| 999 |
_c580939 _d580939 |
||